00347nam a2200133Ia 4500008004100000020001500041041001200056082001600068100001300084245006200097260002500159300000800184650002100192221030s9999 xx 000 0 und d a0070472963 aEnglish a105.23bRaj aR. Kamal 0aInternet & Web Technologies ( DEPARTMENTAL )cby R. Kamal bTMHaNew Delhic2006 a519 aCSE Departmental